Southville International School and Colleges
Your cart is empty.
  • Cart
  • Lists
    Public lists Eva Luna New books Lux_list list_1
    Your lists Log in to create your own lists
  • Log in to your account
  • Your cookies
  • Search history
Southville International School and Colleges
  • Advanced search
  • Recent comments
  • Most popular
  • Libraries

Log in to your account

Log in with GOOGLE


If you do not have an external account, but do have a local account, you can still log in:

  1. Home
  2. MARC view: Essentials of corporate finance /
Normal view MARC view ISBD view

Essentials of corporate finance / (Record no. 23364)

[ view plain ]
MARC details
000 -LEADER
fixed length control field 00698nam a2200265 a 4500
003 - CONTROL NUMBER IDENTIFIER
control field OSt
005 - DATE AND TIME OF LATEST TRANSACTION
control field 20140506101942.0
008 - FIXED-LENGTH DATA ELEMENTS--GENERAL INFORMATION
fixed length control field 090116s19uu xx 00 eng d
020 ## - INTERNATIONAL STANDARD BOOK NUMBER
International Standard Book Number 97800701283403
050 ## - LIBRARY OF CONGRESS CALL NUMBER
Classification number HG 4026
Item number .R676 2008
100 ## - MAIN ENTRY--PERSONAL NAME
Personal name Ross, Stephen A.
245 ## - TITLE STATEMENT
Title Essentials of corporate finance /
Statement of responsibility, etc Stephen A. Ross.
250 ## - EDITION STATEMENT
Edition statement 6th ed.
260 ## - PUBLICATION, DISTRIBUTION, ETC. (IMPRINT)
Place of publication, distribution, etc Boston :
Name of publisher, distributor, etc McGraw-Hill,
Date of publication, distribution, etc c2008.
300 ## - PHYSICAL DESCRIPTION
Extent xxxvi. 620 p. :
Other physical details col. ill. ;
Dimensions 26 cm.
521 ## - TARGET AUDIENCE NOTE
Target audience note
650 ## - SUBJECT ADDED ENTRY--TOPICAL TERM
Topical term or geographic name as entry element BSBA.
650 ## - SUBJECT ADDED ENTRY--TOPICAL TERM
Topical term or geographic name as entry element Corporate
General subdivision Finance.
700 ## - ADDED ENTRY--PERSONAL NAME
Personal name Westerield, Randolph W.
700 ## - ADDED ENTRY--PERSONAL NAME
Personal name Jordan, Bradford D.
942 ## - ADDED ENTRY ELEMENTS (KOHA)
Koha item type Books
Source of classification or shelving scheme Library of Congress Classification
Call number prefix Foreign
Holdings
Withdrawn status Lost status Source of classification or shelving scheme Damaged status Home library Current library Shelving location Date acquired Source of acquisition Total Checkouts Full call number Barcode Date last seen Copy number Price effective from Koha item type Total Renewals Date checked out
    Library of Congress Classification   College Library College Library General Circulation Section 01/16/2014 Donation   HG 4026 .R676 2008 C10037 05/15/2018 1 01/16/2014 Books    
    Library of Congress Classification   College Library College Library General Circulation Section 01/16/2014 Donation   HG 4026 .R676 2008 C9766 05/15/2018 2 01/16/2014 Books    
    Library of Congress Classification   College Library College Library General Circulation Section 05/06/2014   3 HG 4026 .R676 2008 C10222 07/12/2023 3 05/06/2014 Books 20 03/02/2023

Essentials of corporate finance /

APA

Ross S. A., Westerield R. W. & Jordan B. D. (2008). Essentials of corporate finance. Boston: McGraw-Hill.

Chicago

Ross Stephen A, Westerield Randolph W and Jordan Bradford D. 2008. Essentials of corporate finance. Boston: McGraw-Hill.

Harvard

Ross S. A., Westerield R. W. and Jordan B. D. (2008). Essentials of corporate finance. Boston: McGraw-Hill.

MLA

Ross Stephen A, Westerield Randolph W and Jordan Bradford D. Essentials of corporate finance. Boston: McGraw-Hill. 2008.

  • Place hold
  • Print
  • Cite
  • Add to your cart (remove)
  • Save record
    BIBTEX Dublin Core MARCXML MARC (non-Unicode/MARC-8) MARC (Unicode/UTF-8) MARC (Unicode/UTF-8, Standard) MODS (XML) RIS
  • More searches
    Search for this title in:
    Other Libraries (WorldCat) Other Databases (Google Scholar) Online Stores (Bookfinder.com) Open Library (openlibrary.org)

Exporting to Dublin Core...

SOUTHVILLE LIBRARY

Southville International School and Colleges Library

1281 Tropical Ave. Cor. Luxembourg St., BF Homes International, Las Pinas City

Tel. No. 8256374 / 252358 Loc. 117/146

Powered by Koha